Logo BPK

Biblioteka

Politechniki Koszalińskiej

Właściwości reologiczne uwodnionych osadów pokoagulacyjnych / (Rekord nr 17121)

Szczegóły MARC
000 -ETYKIETA REKORDU
podpole kontrolne o stałej długości 01273nam a2200325 i 4500
001 - NUMER KONTROLNY REKORDU
pole kontrolne bg
003 - IDENTYFIKATOR NUMERU KONTROLNEGO REKORDU
podpole kontrolne BPK
005 - DATA OSTATNIEJ MODYFIKACJI REKORDU
podpole kontrolne 20200814083014.0
008 - POLE O STAŁEJ DŁUGOŚCI - DANE KONTROLNE
podpole kontrolne o stałej długości 010418s1976 pl a f |000 0 pol
015 ## - NUMER BIBLIOGRAFII NARODOWEJ
Numer bibliografii narodowej PB 1977/1533
040 ## - ŹRÓDŁO KATALOGOWANIA
Instytucja, która sporządziła opis WA N
Instytucja, która utworzyła rekord BPK
041 0# - KOD JĘZYKA
Kod języka tekstu pol
Kod języka streszczenia lub abstraktu rus
-- eng
080 ## - UNIWERSALNA KLASYFIKACJA DZIESIĘTNA - UKD
UKD 628.2/.3
080 ## - UNIWERSALNA KLASYFIKACJA DZIESIĘTNA - UKD
UKD 532
100 1# - NAZWA OSOBOWA
Nazwa osobowa Sozański, Marek M.
Daty związane z nazwą (1942- )
Określenie rodzaju współpracy Autor
245 10 - TYTUŁ/ODPOWIEDZIALNOŚĆ
Tytuł Właściwości reologiczne uwodnionych osadów pokoagulacyjnych /
Pozostałe elementy strefy tytułu i oznaczenia odpowiedzialności Marek M. Sozański.
260 ## - STREFA ADRESU WYDAWNICZEGO
Miejsce wydania Wrocław :
Nazwa wydawcy/dystrybutora PW,
Data publikacji, dystrybucji/powstania dokumentu 1976.
300 ## - STREFA OPISU FIZYCZNEGO
Objętość 57 s. :
Inne cechy fizyczne il., tab., wykr. ;
Rozmiary 25 cm.
490 1# - STREFA SERII I DOKUMENTU WIELOCZĘŚCIOWEGO - FORMA NIE DO WYSZUKIWANIA
Tytuł i oznaczenie odpowiedzialności serii Prace Naukowe Instytutu Inżynierii Ochrony Środowiska Politechniki Wrocławskiej. Monografie,
ISSN 0084-2869 ;
Numeracja w obrębie serii 11.
500 ## - UWAGI OGÓLNE
Tekst uwagi Numeracja ser. gł.: 34.
504 ## - UWAGA DOTYCZĄCA BIBLIOGRAFII
Informacje o bibliografii Bibliogr.
546 ## - UWAGA O JĘZYKU
Uwaga o języku Streszcz. ros., ang.
650 #4 - HASŁO PRZEDMIOTOWE W FORMIE NAZWY OGÓLNEJ LUB JEDNOSTKOWEJ
Nazwa ogólna lub geograficzna Oczyszczalnia ścieków
650 #4 - HASŁO PRZEDMIOTOWE W FORMIE NAZWY OGÓLNEJ LUB JEDNOSTKOWEJ
Nazwa ogólna lub geograficzna Uzdatnianie wody
650 #4 - HASŁO PRZEDMIOTOWE W FORMIE NAZWY OGÓLNEJ LUB JEDNOSTKOWEJ
Nazwa ogólna lub geograficzna Reologia
830 #0 - HASŁO DODATKOWE SERII LUB DOKUMENTU WIELOCZĘŚCIOWEGO - TYTUŁ UJEDNOLICONY
Tytuł ujednolicony Prace Naukowe Instytutu Inżynierii Ochrony Środowiska Politechniki Wrocławskiej ;
Oznaczenie tomu 34.
830 #0 - HASŁO DODATKOWE SERII LUB DOKUMENTU WIELOCZĘŚCIOWEGO - TYTUŁ UJEDNOLICONY
Tytuł ujednolicony Prace Naukowe Instytutu Inżynierii Ochrony Środowiska Politechniki Wrocławskiej.
Nazwa części/sekcji dzieła Monografie,
Oznaczenie tomu 11.
856 ## - LOKALIZACJA I DOSTĘP DO ELEKTRONICZNYCH DOKUMENTÓW ZDALNYCH
Link (URL) http://koha.tu.koszalin.pl/cgi-bin/koha/opac-detail.pl?biblionumber=17121
Tekst linku Katalog online BPK
942 ## - DODATKOWE ELEMENTY (KOHA)
Schemat klasyfikacji Uniwersalna Klasyfikacja Dziesiętna
Typ dokumentu Książka
Egzemplarze
Wycofany Status egzemplarza Uszkodzony Dostępność Lokalizacja stała Lokalizacja bieżąca Miejsce przechowywania Sygnatura Kod kreskowy Typ dokumentu
      Dostępny Biblioteka Politechniki Koszalińskiej Biblioteka Politechniki Koszalińskiej Wypożyczalnia BG 21723 01698435 Książka
© 2023 Biblioteka Politechniki Koszalińskiej :: KOHA